000 00882nam0a22002531 4500
001 rc\979529
005 20250622064335.0
035 _a(NLR Aleph) 006147691
090 _a5728887
_c5728887
100 _a20041129d1982 |||y0rusy50 ca
101 0 _arus
102 _aRU
105 _aa |||||||||
200 1 _aБеседы с Майолем
_e[Сокр. пер. с фр.]
_f[Вступ. ст., с. 3-27, и примеч. Н.В. Апчинской]
210 _aЛ.
_cИскусство. Ленингр. отд-ние
_d1982
215 _a193 с., 11 л. ил., цв. ил.
_d20
300 _aПеревод изд.: Conversations de Maillol / Henry Frere (Geneve, 1956)
600 1 _aМайоль
_bА.
_gАристид
_2psbo
700 1 _aФрер
_bА.
_gАнри
801 0 _aRU
_bNLR
_gpsbo
801 1 _aRU
_bELAR
_2rusmarc
852 _aNLR
_j83-3/3474
942 _cBOOK
980 _aNB